000 00330nam a2200133Ia 4500
008 240624s9999 xx 000 0 und d
041 _aeng
082 _a330.941 BAI
100 _aBAILEY DAVID
245 _aRECESSION AND BEYOND LOCAL AND REGIONAL
260 _c2011
_aLondon
_bRoutledge
300 _a384 : p.
365 _cGBP
_b28
999 _c21772
_d21772